| 000 | 00808ntm a22002297a 4500 | ||
|---|---|---|---|
| 005 | 20170809111529.0 | ||
| 008 | 170802s2010 xx a frb 000 0 eng d | ||
| 040 |
_aEG-ScBUE _beng _cEG-ScBUE |
||
| 082 | 0 | 4 |
_222 _a624 _bYOU |
| 100 | 1 | _aYoussef, Mennatallah H. | |
| 245 | 1 | 0 |
_aHealing oasis / _cMennatallah H. Youssef. |
| 260 | _c2010. | ||
| 300 |
_a1v. (various paging) : _bill. ; _c28 cm. |
||
| 500 | _aA thesis submitted to The Faculty Of Engineering, The British University In Egypt, in partial fulfillment of the requirements for the degree of bachelor in architectural engineering. | ||
| 590 | _aNour | ||
| 650 | 7 |
_2BUEsh _aArchitectural engineering _vProjects |
|
| 653 |
_bENGARC _cAugust2017 |
||
| 655 | _vSPRO | ||
| 700 | 1 |
_aRashed, Ahmed. _eths |
|
| 700 | 1 |
_aSheweka, Samar. _eths |
|
| 942 | _2ddc | ||
| 999 |
_c25302 _d25274 |
||